Códice de Sonsonate (Registro nro. 4111)
[ vista simple ]
| 000 -CABECERA | |
|---|---|
| Longitud fija campo de control | 00572nam a22001817a 4500 |
| 003 - IDENTIFICADOR DELl NÚMERO DE CONTROL | |
| Identificador del número de control | OSt |
| 005 - FECHA Y HORA DE LA ÚLTIMA TRANSACCIÓN | |
| Fecha y hora de la última transacción | 20131115165535.0 |
| 008 - CÓDIGOS DE INFORMACIÓN DE LONGITUD FIJA | |
| Códigos de información de longitud fija | 131114b xxu||||| |||| 00| 0 eng d |
| 040 ## - FUENTE DE LA CATALOGACIÓN | |
| Centro catalogador de origen | BMC |
| Centro transcriptor | BMC |
| 082 ## - NÚMERO DE LA CLASIFICACIÓN DECIMAL DEWEY | |
| Númeroo de clasificación | 972.8413 |
| 100 1# - PUNTO DE ACCESO PRINCIPAL-NOMBRE DE PERSONA | |
| 9 (RLIN) | 5763 |
| Nombre de persona | Escalante Arce, Pedro Antonio |
| 245 10 - MENCIÓN DE TÍTULO | |
| Título | Códice de Sonsonate |
| Resto del título | : crónicas hispánicas |
| Mención de responsabilidad, etc. | Escalante Arce, Pedro Antonio |
| 250 ## - MENCIÓN DE EDICIÓN | |
| Mención de edición | 1ª ed |
| 260 ## - PUBLICACIÓN, DISTRIBUCIÓN, ETC. (PIE DE IMPRENTA) | |
| Lugar de publicación, distribución, etc. | San Salvador |
| Nombre del editor, distribuidor, etc. | Concultura, Dirección General de Publicaciones e Impresos |
| Fecha de publicación, distribución, etc. | 1992 |
| 300 ## - DESCRIPCIÓN FÍSICA | |
| Extensión | 2 v. |
| Dimensiones | 23 cm |
| 651 #4 - PUNTO DE ACCESO ADICIONAL DE MATERIA - NOMBRE GEOGRÁFICO | |
| 9 (RLIN) | 9277 |
| Nombre geográfico | Sonsonate (El Salvador) |
| Subdivisión de materia general | Historia |
| 942 ## - ENTRADA DE ELEMENTOS AGREGADOS (KOHA) | |
| Fuente de clasificaión o esquema | Dewey Decimal Classification |
| Koha [por defecto] tipo de item | 1- Monografias |
| Suprimido | Perdido | Fuente de clasificación o esquema | Estropeado | Restricciones de uso | No para préstamo | Código de colección | Localización permanente | Localización actual | Localización en estanter&íacute;as | Fecha adquisición | Fuente de adquisición | Número de inventario | Préstamos totales | Signatura completa | Código de barras | Fecha última consulta | Coste, precio reemplazado | Fecha del precio de reemplazo | Tipo de item de Koha | Fecha último préstamo | Renovaciones totales |
|---|---|---|---|---|---|---|---|---|---|---|---|---|---|---|---|---|---|---|---|---|---|
| NULL | NULL | Dewey Decimal Classification | NULL | Prestable | NULL | NULL | Biblioteca Miguel de Cervantes - UNICAES | Biblioteca Miguel de Cervantes - UNICAES | Sala Principal | 15/11/2013 | Donación - Concultura | 007137 | 972.8413 ESC cod (v. 1) | 1007137 | 15/11/2013 | 18.00 | 15/11/2013 | 1- Monografias | |||
| NULL | NULL | Dewey Decimal Classification | NULL | Prestable | NULL | NULL | Biblioteca Miguel de Cervantes - UNICAES | Biblioteca Miguel de Cervantes - UNICAES | Sala Principal | 15/11/2013 | Donación - Concultura | 007138 | 972.8413 ESC cod (v. 1) | 1007138 | 15/11/2013 | 18.00 | 15/11/2013 | 1- Monografias | |||
| NULL | NULL | Dewey Decimal Classification | NULL | Prestable | NULL | NULL | Biblioteca Miguel de Cervantes - UNICAES | Biblioteca Miguel de Cervantes - UNICAES | Sala Principal | 15/11/2013 | Donación - Concultura | 007139 | 1 | 972.8413 ESC cod (v. 2) | 1007139 | 08/07/2021 | 18.00 | 15/11/2013 | 1- Monografias | 17/11/2017 | |
| NULL | NULL | Dewey Decimal Classification | NULL | Prestable | NULL | NULL | Biblioteca Miguel de Cervantes - UNICAES | Biblioteca Miguel de Cervantes - UNICAES | Sala Principal | 15/11/2013 | Donación - Concultura | 007140 | 1 | 972.8413 ESC cod (v. 2) | 1007140 | 06/01/2017 | 18.00 | 15/11/2013 | 1- Monografias | 09/12/2016 | 1 |